Statistics for 'Super-' prefix - super hard!

Click here to take the quiz!

General Stats

  • This quiz has been taken 11 times
  • The average score is 5 of 22

Answer Stats

HintAnswer% Correct
Not too fond of black cats and the #13Superstitious
100%
Concerning the surfaceSuperficial
64%
R = 0Superconductor
45%
Brightest and most massive starsSupergiants
45%
pH < H_2SO_4Superacid
36%
16-bit powered entertainmentSuper Nintendo Entertainment System
27%
Most often dangerous and violent (and green), they can also be of a friendly variety. Fawkes, for example.Supermutant
18%
Helps your kids and has a vanity plateSupernanny
18%
System administration may be done from this accountSuperuser
18%
Stacked and combined turretsSuperfire
9%
State of matter with infinite thermal conductivitySuperfluidity
9%
$_POST, $_GETSuperglobals
9%
The opposite of R = 0. Or: "Current! You shall not pass!"Superinsulator
9%
A380, according to mediaSuperjumbo
9%
Individual agents that act as one. Especially: ants.Superorganism
9%
Fertility medications can lead to thisSuperovulation
9%
"Extreme" style of artSuperrealism
9%
Class of techniques that enhance your imagesSuperresolution
9%
SUSY. Or: Predicting partners of particlesSupersymmetry
9%
35% of women and 15% of men do not like coffee, alcohol and grapefruit because they are one of those.Supertaster
9%
Typical habitats: Dark side of the moon, antarctic outpost, under volcanoesSupervillain
9%
"Oh my, what a large focal length you have!"Superzoom
9%

Score Distribution

Percentile by Number Answered

Percent of People with Each Score

Your Score History

You have not taken this quiz